000 00868nam a2200313Ia 4500
001 A0660
003 IT-RoPAU
008 130308s9999 xx 000 0 und d
040 _aIT-RoPAU
040 _cIT-RoPAU
041 _aITALIANO
100 _aBattcock Gregory
100 _gCodice Aut. SPICS: 34636
245 _aVidea, vidiota, videologia-Nam June Paik e Charlotte Moorman
245 _bMetamorfosi della Visione-Saggi di pensiero Elettronico
250 _a1a ed.
260 _aPISA
260 _bEts Editrice
260 _c1988 [1° Ed.:1988 - Ed.Ling.Originale:1978]
300 _a"7 p. (prefazione: no ; testo: 7 [pagine: 73-79])"
650 _aSAGGI SUL CINEMA
650 _eCodice materia Spics: 6811
700 _aSchimmel Paul
700 _gCodice Aut. SPICS: 34637
942 _cBK
957 _71
999 _c56023
_d56023
999 _bSI
999 _g1